<?xml version="1.0" encoding="UTF-8"?>
<marc:record xmlns:marc="http://www.loc.gov/MARC21/slim">
   <marc:leader>00000nam a2200000 a 4500</marc:leader>
   <marc:datafield ind1="1" ind2=" " tag="100">
      <marc:subfield code="a">Maywald, Jörg</marc:subfield>
      <marc:subfield code="4">aut</marc:subfield>
      <marc:subfield code="e">Verfasser/-in</marc:subfield>
   </marc:datafield>
   <marc:datafield ind1=" " ind2=" " tag="653">
      <marc:subfield code="a">Kind</marc:subfield>
   </marc:datafield>
   <marc:datafield ind1=" " ind2=" " tag="653">
      <marc:subfield code="a">Jugend</marc:subfield>
   </marc:datafield>
   <marc:datafield ind1=" " ind2=" " tag="653">
      <marc:subfield code="a">Menschenrecht</marc:subfield>
   </marc:datafield>
   <marc:datafield ind1=" " ind2=" " tag="653">
      <marc:subfield code="a">Soziales Grundrecht</marc:subfield>
   </marc:datafield>
   <marc:datafield ind1=" " ind2=" " tag="653">
      <marc:subfield code="a">Pädagogische Einrichtung</marc:subfield>
   </marc:datafield>
   <marc:datafield ind1=" " ind2=" " tag="653">
      <marc:subfield code="a">Softcover / Pädagogik/Kindergarten- und Vorschulpädagogik</marc:subfield>
   </marc:datafield>
   <marc:datafield ind1="0" ind2="0" tag="245">
      <marc:subfield code="a">Kinder haben Rechte!</marc:subfield>
   </marc:datafield>
   <marc:datafield ind1="0" ind2="0" tag="245">
      <marc:subfield code="b">Kinderrechte kennen - umsetzen - wahren ; für Kindergarten, Schule und Jugendhilfe (0 - 18 Jahre)</marc:subfield>
   </marc:datafield>
   <marc:datafield ind1="0" ind2="0" tag="245">
      <marc:subfield code="c">Jörg Maywald</marc:subfield>
   </marc:datafield>
   <marc:datafield ind1=" " ind2="1" tag="264">
      <marc:subfield code="a">Weinheim</marc:subfield>
      <marc:subfield code="b">Beltz</marc:subfield>
      <marc:subfield code="c">2012</marc:subfield>
   </marc:datafield>
   <marc:datafield ind1="1" ind2=" " tag="490">
      <marc:subfield code="a">Pädagogik</marc:subfield>
   </marc:datafield>
   <marc:datafield ind1="1" ind2=" " tag="520">
      <marc:subfield code="a">Angaben aus der Verlagsmeldung

Kinder haben Rechte! : Kinderrechte kennen - umsetzen - wahren. Für Kindergarten, Schule und Jugendhilfe (0-18 Jahre) / von Jörg Maywald

Kinder haben Rechte. Welche sind das, und welcher Beitrag kann geleistet werden, damit Kinder zu ihren Rechten kommen und diese auch wahrnehmen können? Zwanzig Jahre nach der Ratifizierung der UN-Kinderrechtskonvention durch Deutschland zieht das Buch eine Zwischenbilanz.

Geschichte und Stand der Umsetzung der Kinderrechte werden ebenso dargestellt wie die sich abzeichnende Entwicklungslinie, zukünftigen Herausforderungen und vor allem auch Anleitungen zum praktischen Handeln in konkreten Situationen, die sich z.B. Erzieher/innen bei ihrer täglichen Arbeit stellen. Sie werden umfassend in den an den Rechten der Kinder orientierten Arbeitsansatz (Child Rights based Approach) eingeführt. Zahlreiche Übersichten und Tabellen und eine Checkliste zur Umsetzung der Kinderrechte in der eigenen Arbeit runden dieses praxisnahe Grundlagenwerk ab.

Mit Selbsttest »Wie fit bin ich in punkto Kinderrechte?«
</marc:subfield>
   </marc:datafield>
   <marc:datafield ind1=" " ind2=" " tag="020">
      <marc:subfield code="a">9783407256874</marc:subfield>
      <marc:subfield code="9">9783407256874</marc:subfield>
   </marc:datafield>
   <marc:datafield ind1=" " ind2=" " tag="020">
      <marc:subfield code="a">3407256876</marc:subfield>
      <marc:subfield code="9">3407256876</marc:subfield>
   </marc:datafield>
   <marc:datafield ind1=" " ind2=" " tag="041">
      <marc:subfield code="a">ger</marc:subfield>
   </marc:datafield>
   <marc:datafield ind1=" " ind2=" " tag="300">
      <marc:subfield code="a">232 S.</marc:subfield>
   </marc:datafield>
</marc:record>
